000 00472nam a2200181Ia 4500
005 20250423095050.0
008 250422s9999 xx 000 0 und d
020 _a9780918082084
050 _aRS 57 .C87/
100 _aCurren, Anna M.
245 0 _aDimensional analysis for meds
260 _aUnited States
260 _bW.I. Publications, Inc.
260 _c1998
300 _a308 p
650 _aPharmaceutical arithmetic. Dimensional analysis.
942 _cBK
999 _c29137
_d29137